Top 50 Highest Rated players in NHL 26 - Statistics

General Stats
  • This quiz has been taken 316 times
  • The average score is 39 of 50
Answer Stats
Hint Number Answer % Correct
Oilers 1 Connor McDavid
100%
Avalanche 2 Nathan Mackinnon
100%
Penguins 8 Sidney Crosby
100%
Avalanche 6 Cale Makar
99%
Oilers 3 Leon Draisaitl
99%
Devils 18 Jack Hughes
98%
Lightning 4 Nikita Kucherov
98%
Canucks 5 Quinn Hughes
98%
Maple Leafs 12 Auston Matthews
96%
Panthers 7 Alexander Barkov
94%
Bruins 9 David Pastrnak
94%
Golden Knights 11 Jack Eichel
94%
Panthers 15 Matthew Tkachuk
93%
Wild 13 Kirill Kaprizov
91%
Golden Knights 26 Mitch Marner
91%
Jets 10 Connor Hellebuyck
89%
Stars 14 Mikko Rantanen
89%
Capitals 36 Alex Ovechkin
86%
Lightning 17 Andrei Vasilevskiy
86%
Rangers 24 Artemi Panarin
85%
Lightning 23 Brayden Point
85%
Jets 27 Kyle Connor
85%
Hurricanes 34 Sebastian Aho
85%
Predators 20 Roman Josi
84%
Sabres 22 Rasmus Dahlin
83%
Lightning 21 Victor Hedman
83%
Blue Jackets 19 Zach Werenski
82%
Rangers 38 Adam Fox
80%
Panthers 16 Sam Reinhart
79%
Maple leafs 25 William Nylander
79%
Rangers 28 Igor Shesterkin
77%
Canadiens 39 Nick Suzuki
77%
Panthers 43 Sergei Bobrovsky
75%
Stars 29 Miro Heiskanen
74%
Mammoth 41 Clayton Keller
73%
Lightning 40 Brandon Hagel
67%
Islanders 32 Ilya Sorokin
67%
Stars 44 Jake Oettinger
67%
Avalanche 35 Martin Necas
65%
Senators 42 Tim Stutzle
65%
Blues 48 Robert Thomas
64%
Devils 31 Jesper Bratt
63%
Hurricanes 33 Jacob Slavin
59%
Panthers 49 Brad Marchand
58%
Wild 46 Matt Boldy
56%
Devils 45 Nico Hischier
56%
Lightning 50 Jake Guentzel
49%
Senators 47 Jake Sanderson
46%
Jets 37 Josh Morrisey
44%
Jets 30 Mark Schiefele
21%
No matching quizzes found
Score Distribution
Percent of People with Each Score
Percentile by Number Answered
Your Score History
You have not taken this quiz